[Event "Int. Stuttgarter Stadtmeisterschaft A"]
[Site "Ditzingen"]
[Date "2013.05.10"]
[Round "4.13"]
[White "Kvetny, Mark"]
[Black "Zikeli, Saskia"]
[Result "1/2-1/2"]
[WhiteElo "2269"]
[BlackElo "2109"]
[PlyCount "91"]
[EventDate "2013.??.??"]
[WhiteTeam "Stuttgarter SF 1879"]
[BlackTeam "SC Ingersheim e.V."]

1. d4 Nf6 2. c4 g6 3. Nc3 Bg7 4. e4 d6 5. Nf3 O-O 6. Be2 e5 7. Be3 Ng4 8. Bg5
f6 9. Bh4 g5 10. Bg3 Nh6 11. h3 Nc6 12. dxe5 dxe5 13. Qd5+ Nf7 14. Rd1 Qe7 15.
Qb5 Nd6 16. Qb3 Be6 17. Nd5 Qf7 18. O-O b6 19. Qa4 Bxd5 20. cxd5 Na5 21. Nd2
Nab7 22. Qc6 Nc5 23. b4 Ncb7 24. Ba6 Rab8 25. Rc1 Qe8 26. Qxc7 Rc8 27. Qxc8
Nxc8 28. Bxb7 Nd6 29. Bc6 Qe7 30. Rfe1 Rc8 31. f3 Bf8 32. Bf2 Kg7 33. a4 Nf7
34. Rc4 Nd6 35. Rc3 Nf7 36. Rb1 Nd8 37. Nf1 Nf7 38. Ne3 Nd6 39. g4 Kg6 40. Rb2
Qd8 41. Rbc2 Nf7 42. Rc4 Nd6 43. R4c3 Nf7 44. Rb3 Nd6 45. Ra2 h5 46. a5 1/2-1/2

[Event "Int. Stuttgarter Stadtmeisterschaft A"]
[Site "Ditzingen"]
[Date "2013.05.10"]
[Round "4.14"]
[White "Schröder, Kevin"]
[Black "Kabisch, Thilo"]
[Result "1-0"]
[WhiteElo "2046"]
[BlackElo "2264"]
[PlyCount "55"]
[EventDate "2013.??.??"]
[WhiteTeam "LSV Turm Lippstadt"]
[BlackTeam "SK Schmiden/Cannstatt"]

1. e4 c5 2. Nf3 Nc6 3. d4 cxd4 4. Nxd4 e5 5. Nb5 d6 6. c4 f5 7. N1c3 a6 8. Na3
f4 9. Nd5 Nf6 10. g3 Be7 11. gxf4 exf4 12. Bxf4 O-O 13. Bg2 Nxd5 14. Qxd5+ Kh8
15. Bg3 Qb6 16. Qd2 d5 17. O-O Bxa3 18. bxa3 dxc4 19. Rab1 Qd4 20. Qe2 b5 21.
Rfd1 Qa7 22. e5 Bb7 23. Rd7 Rac8 24. Qg4 Rg8 25. Be4 Na5 26. Bxh7 Bf3 27. Qh3
Qb6 28. Bg6+ 1-0

[Event "Int. Stuttgarter Stadtmeisterschaft A"]
[Site "Ditzingen"]
[Date "2013.05.10"]
[Round "4.15"]
[White "Wenninger, Philipp"]
[Black "Büter, Norbert"]
[Result "1-0"]
[WhiteElo "2220"]
[BlackElo "2048"]
[PlyCount "153"]
[EventDate "2013.??.??"]
[WhiteTeam "SC Erlangen 48/88 e.V."]
[BlackTeam "SpVgg Rommelshausen"]

1. d4 d6 2. c4 e5 3. Nc3 exd4 4. Qxd4 Nc6 5. Qd2 g6 6. b3 Bg7 7. Bb2 Nf6 8. Nf3
Bf5 9. g3 O-O 10. Bg2 Re8 11. O-O Ne4 12. Nxe4 Bxe4 13. Rad1 Qe7 14. Bxg7 Kxg7
15. Qc3+ Qf6 16. Qxf6+ Kxf6 17. Rd2 Re7 18. Rfd1 Rae8 19. Kf1 Kg7 20. Ne1 Bxg2+
21. Nxg2 Nb4 22. Nf4 Na6 23. Nd5 Rd7 24. Nc3 Nc5 25. f3 a5 26. Kf2 f5 27. Nd5
Rf7 28. Rb1 Na6 29. a3 Re5 30. Rbb2 Nc5 31. b4 Na4 32. Rb3 c6 33. Nf4 Nb6 34.
Rc3 axb4 35. axb4 d5 36. cxd5 Nxd5 37. Nxd5 Rxd5 38. Rxd5 cxd5 39. Rc5 Rd7 40.
Ke3 Kf6 41. Kd4 Ke6 42. Rb5 g5 43. Rb6+ Kf7 44. Ke5 f4 45. gxf4 Re7+ 46. Kf5
gxf4 47. Rf6+ Kg7 48. Re6 Rc7 49. Ke5 Kf7 50. Rf6+ Kg7 51. Rxf4 Re7+ 52. Kxd5
Rxe2 53. h4 Rc2 54. Rc4 Rf2 55. Ke4 Rh2 56. Rc7+ Kg6 57. Rxb7 Rxh4+ 58. f4 Rh1
59. Rb6+ Kf7 60. Ke5 h5 61. Rb7+ Ke8 62. f5 h4 63. Kf6 h3 64. Rh7 h2 65. b5 Rb1
66. Rh8+ Kd7 67. Rxh2 Rxb5 68. Re2 Rb6+ 69. Kg7 Rb1 70. f6 Rg1+ 71. Kf8 Rf1 72.
f7 Rg1 73. Rd2+ Kc7 74. Rd4 Re1 75. Rf4 Kd7 76. Kg7 Rg1+ 77. Kf6 1-0

[Event "Int. Stuttgarter Stadtmeisterschaft A"]
[Site "Ditzingen"]
[Date "2013.05.10"]
[Round "4.16"]
[White "Wettengel, Alexander"]
[Black "Löhr, Markus"]
[Result "1/2-1/2"]
[WhiteElo "2096"]
[BlackElo "2235"]
[PlyCount "39"]
[EventDate "2013.??.??"]
[WhiteTeam "Stuttgarter SF 1879"]
[BlackTeam "SK Schmiden/Cannstatt"]

1. e4 d5 2. exd5 Qxd5 3. Nc3 Qd6 4. d4 Nf6 5. Nf3 c6 6. Ne5 Nbd7 7. Nc4 Qc7 8.
Qf3 Nb6 9. Bf4 Qd8 10. Be5 Bg4 11. Qg3 h5 12. h3 h4 13. Qe3 Be6 14. Nxb6 axb6
15. Be2 Nd5 16. Nxd5 Qxd5 17. O-O b5 18. b3 Ra3 19. c3 Bf5 20. Bf3 1/2-1/2

[Event "Int. Stuttgarter Stadtmeisterschaft A"]
[Site "Ditzingen"]
[Date "2013.05.10"]
[Round "4.17"]
[White "Vaysberg, Alexander"]
[Black "Jerie, Sven"]
[Result "1-0"]
[WhiteElo "2202"]
[BlackElo "2023"]
[PlyCount "111"]
[EventDate "2013.??.??"]
[WhiteTeam "SG Ludwigsburg 1919"]

1. e4 e5 2. Nc3 Nc6 3. Nf3 Nf6 4. d4 exd4 5. Nxd4 Bb4 6. Nxc6 bxc6 7. Bd3 d5 8.
exd5 cxd5 9. Qe2+ Qe7 10. O-O Qxe2 11. Nxe2 O-O 12. Bf4 c6 13. Nd4 Bd7 14. c3
Bc5 15. Rfe1 Rfe8 16. b4 Bf8 17. Nb3 Rxe1+ 18. Rxe1 Ne8 19. Be3 Nd6 20. f3 Bf5
21. Ba6 Bc8 22. Bf1 Bf5 23. Na5 Bd7 24. Nb3 Bf5 25. Nd4 Bd7 26. a4 a5 27. b5
cxb5 28. Nxb5 Nc4 29. Bd4 Rc8 30. Ra1 f6 31. Bd3 Nb2 32. Be2 Nc4 33. Kf2 Be6
34. f4 Bd7 35. Bf3 Be6 36. f5 Bf7 37. g4 Nd2 38. Bd1 Re8 39. Bc2 Nc4 40. Re1
Rc8 41. Bd1 Nb2 42. Be2 Nxa4 43. Ra1 Nc5 44. Rxa5 Nb3 45. Ra7 Nxd4 46. cxd4 g6
47. Nc7 Bd6 48. Ne6 Bxh2 49. Bf3 h5 50. Bxd5 gxf5 51. gxh5 Re8 52. Nf4 Bxd5 53.
Nxd5 Re6 54. Ne7+ Kh8 55. Ng6+ Kg8 56. h6 1-0

[Event "Int. Stuttgarter Stadtmeisterschaft A"]
[Site "Ditzingen"]
[Date "2013.05.10"]
[Round "4.18"]
[White "Melzner, Lukas"]
[Black "Schulz, Jens Peter"]
[Result "1-0"]
[WhiteElo "2189"]
[BlackElo "1839"]
[PlyCount "155"]
[EventDate "2013.??.??"]
[WhiteTeam "SK Klosterlechfeld"]
[BlackTeam "SV Dicker Turm Esslingen"]

1. c4 c5 2. g3 g6 3. Bg2 Bg7 4. Nc3 Nc6 5. Nf3 e5 6. a3 Nge7 7. O-O O-O 8. Rb1
a5 9. d3 d6 10. Ne1 Rb8 11. Nc2 Be6 12. Bd2 f5 13. Nd5 Bf7 14. Nce3 b6 15. b4
axb4 16. axb4 Nxd5 17. Nxd5 h6 18. Bc3 Ne7 19. Nxe7+ Qxe7 20. Rb2 b5 21. cxb5
Rxb5 22. Qa4 Be8 23. Qa6 e4 24. Qa3 cxb4 25. Rxb4 d5 26. Qb3 Rxb4 27. Bxb4 Qb7
28. dxe4 fxe4 29. Rb1 Rf7 30. f3 Qa7+ 31. Kh1 Bc6 32. fxe4 dxe4 33. Qe6 Bd7 34.
Qxe4 Kh7 35. Qc4 Bf5 36. Rf1 Rc7 37. Qf4 Rd7 38. Qf3 Rd4 39. Bc3 Rd7 40. e4 Be6
41. Bxg7 Rxg7 42. Qf8 Rf7 43. Rxf7+ Bxf7 44. h4 g5 45. Qd8 Qa1+ 46. Kh2 Qe5 47.
Qd7 Kg6 48. hxg5 hxg5 49. Bf3 Qb2+ 50. Kg1 Qa1+ 51. Kf2 Qb2+ 52. Be2 Qf6+ 53.
Ke3 Qc3+ 54. Bd3 Qe1+ 55. Kd4 Qg1+ 56. Kc3 Qa1+ 57. Kd2 Qb2+ 58. Ke3 Qc1+ 59.
Ke2 Qb2+ 60. Kf3 Kg7 61. Qf5 Qc1 62. e5 Qh1+ 63. Ke2 Qg2+ 64. Kd1 Qg1+ 65. Kc2
Qc5+ 66. Kb2 Qb4+ 67. Kc2 Qc5+ 68. Kd2 Qb4+ 69. Ke2 Qb2+ 70. Kf3 Qb7+ 71. Kg4
Qb4+ 72. Be4 Qd2 73. Qxg5+ Qxg5+ 74. Kxg5 Be6 75. Bf5 Bb3 76. g4 Kf7 77. e6+
Ke7 78. Kh6 {usw.} 1-0

[Event "Int. Stuttgarter Stadtmeisterschaft A"]
[Site "Ditzingen"]
[Date "2013.05.10"]
[Round "4.19"]
[White "Baskin, Robert"]
[Black "Schuster, Gerhard"]
[Result "1-0"]
[WhiteElo "2157"]
[BlackElo "2017"]
[PlyCount "81"]
[EventDate "2013.??.??"]
[WhiteTeam "SAbt TuS Makkabi Ffm"]
[BlackTeam "SC Feuerbach e. V."]

1. e4 c6 2. d4 d5 3. Nc3 dxe4 4. Nxe4 Nd7 5. Bc4 Ngf6 6. Ng5 e6 7. Qe2 Nb6 8.
Bd3 h6 9. N1f3 c5 10. dxc5 Bxc5 11. Ne5 Nbd7 12. Ngf3 Qc7 13. O-O Bd6 14. Nc4
Bf4 15. Bxf4 Qxf4 16. Rad1 O-O 17. Nd6 Nc5 18. Bc4 Nd5 19. Nxc8 Raxc8 20. Bxd5
exd5 21. Rxd5 Rfe8 22. Qd1 Qa4 23. a3 b6 24. h3 Ne6 25. c3 Qf4 26. Qd2 Rcd8 27.
Rd1 Qc7 28. Qe3 Rxd5 29. Rxd5 Qc4 30. Rd7 a5 31. Qxb6 Qa2 32. Rd2 Qb1+ 33. Kh2
Qf5 34. Qe3 Nc7 35. Qd3 Qf4+ 36. g3 Qf6 37. Kg2 Ne6 38. Qb5 Rc8 39. Qe5 Qg6 40.
Nd4 Qb1 41. Nxe6 1-0

[Event "Int. Stuttgarter Stadtmeisterschaft A"]
[Site "Ditzingen"]
[Date "2013.05.10"]
[Round "4.20"]
[White "Bergauz, Noam"]
[Black "Rau, Jürgen"]
[Result "1-0"]
[WhiteElo "1900"]
[BlackElo "2124"]
[PlyCount "55"]
[EventDate "2013.??.??"]
[WhiteTeam "SK München Südost e.V."]
[BlackTeam "SV Dicker Turm Esslingen"]

1. e4 c5 2. Nf3 d6 3. d4 cxd4 4. Nxd4 Nf6 5. Nc3 a6 6. h3 e6 7. Be3 b5 8. Bd3
Bb7 9. a3 Nbd7 10. f4 Qc7 11. O-O Be7 12. Qf3 Nb6 13. a4 b4 14. Nce2 Nc4 15.
Bc1 O-O 16. b3 Nb6 17. g4 e5 18. fxe5 dxe5 19. Nf5 Bc5+ 20. Kh2 Ne8 21. Neg3
Nd6 22. Bh6 Bd4 23. Bxg7 Nxf5 24. Nxf5 Rfc8 25. Rad1 Nd7 26. Bc4 Nc5 27. Nh6+
Kxg7 28. Qf6+ 1-0

[Event "Int. Stuttgarter Stadtmeisterschaft A"]
[Site "Ditzingen"]
[Date "2013.05.10"]
[Round "4.21"]
[White "Gabriel, Josef"]
[Black "Sand, Rolf"]
[Result "0-1"]
[WhiteElo "2123"]
[BlackElo "1963"]
[PlyCount "118"]
[EventDate "2013.??.??"]
[WhiteTeam "Stuttgarter SF 1879"]
[BlackTeam "SV Tübingen 1870 e.V."]

1. e4 c5 2. Nf3 d6 3. c3 Nf6 4. d3 g6 5. Be2 Bg7 6. Nbd2 O-O 7. O-O e5 8. Nc4
Nc6 9. a4 h6 10. h3 Be6 11. Ne3 d5 12. Nd2 dxe4 13. dxe4 Qc7 14. Bc4 Bxc4 15.
Nexc4 Rad8 16. Qe2 Qd7 17. Nf3 Rfe8 18. Ne1 Nh5 19. Be3 Nf4 20. Qf3 Ne6 21. Qg3
Qe7 22. Qg4 h5 23. Qg3 Nf4 24. Kh2 b6 25. Nxe5 Bxe5 26. Bxf4 Bxf4 27. Qxf4 Qxe4
28. Qh6 Qe5+ 29. Kg1 Qg7 30. Qc1 Ne5 31. Qc2 Qh6 32. Rd1 Qf4 33. b3 Kg7 34. c4
Rxd1 35. Qxd1 Qf6 36. f4 Nc6 37. f5 Qd4+ 38. Qxd4+ Nxd4 39. f6+ Kh6 40. Nf3
Nxf3+ 41. Rxf3 a5 42. h4 Re4 43. g3 g5 44. hxg5+ Kxg5 45. Kf2 Re6 46. Rd3 Rxf6+
47. Kg2 Kg4 48. Rd8 h4 49. gxh4 Kxh4 50. Rh8+ Kg4 51. Rg8+ Kf4 52. Kf2 Ke4+ 53.
Ke2 Rg6 54. Re8+ Kd4 55. Rd8+ Kc3 56. Rd3+ Kb4 57. Rf3 Rd6 58. Ke1 f6 59. Ke2
Ka3 {usw.} 0-1

[Event "Int. Stuttgarter Stadtmeisterschaft A"]
[Site "Ditzingen"]
[Date "2013.05.10"]
[Round "4.22"]
[White "Scharping, Hans-Martin"]
[Black "Klaus, Dominik"]
[Result "1-0"]
[WhiteElo "2120"]
[BlackElo "1880"]
[PlyCount "47"]
[EventDate "2013.??.??"]
[WhiteTeam "SC Pforzheim 1906"]
[BlackTeam "Ssg Fils-Lauter e. V."]

1. e4 c5 2. Nf3 d6 3. Nc3 Nf6 4. d4 cxd4 5. Nxd4 a6 6. Bc4 Nbd7 7. Bb3 Nc5 8.
O-O e6 9. Re1 Qc7 10. Bg5 Be7 11. Qf3 O-O 12. Qg3 Rd8 13. Re3 b5 14. Rae1 Bb7
15. Nf5 exf5 16. exf5 Nh5 17. Bxf7+ Kxf7 18. Rxe7+ Kf8 19. Rxc7 Nxg3 20. Be7+
Kg8 21. Bxd8 Rxd8 22. hxg3 Bc8 23. g4 Bd7 24. b4 1-0

[Event "Int. Stuttgarter Stadtmeisterschaft A"]
[Site "Ditzingen"]
[Date "2013.05.10"]
[Round "4.23"]
[White "Lorenz, Michael"]
[Black "Scheeff, Volker"]
[Result "1/2-1/2"]
[WhiteElo "1950"]
[BlackElo "2109"]
[PlyCount "120"]
[EventDate "2013.??.??"]
[WhiteTeam "SG Rochade Kuppenheim 1979 e.V."]
[BlackTeam "SK Schmiden/Cannstatt"]

1. c4 e5 2. g3 Nf6 3. Bg2 d5 4. cxd5 Nxd5 5. Nc3 Nb6 6. Nf3 Nc6 7. O-O Be7 8.
a3 O-O 9. d3 Re8 10. b4 a5 11. b5 Nd4 12. Nxe5 Bf6 13. f4 Bxe5 14. fxe5 Rxe5
15. a4 Bg4 16. Rf2 Nxe2+ 17. Nxe2 Rxe2 18. Rxe2 Bxe2 19. Qxe2 Qd4+ 20. Be3
Qxa1+ 21. Kf2 Re8 22. Be4 Qe5 23. Bf4 Qe7 24. Qh5 g6 25. Qh6 c6 26. bxc6 bxc6
27. Be3 Qf6+ 28. Kg2 Nd5 29. Bg5 Qb2+ 30. Kh3 Qf2 31. Bd2 Qf1+ 32. Kh4 Qe2 33.
Kh3 Nf6 34. Bc3 Qxh2+ 35. Kxh2 Ng4+ 36. Kg2 Nxh6 37. Bxa5 Ng4 38. Bxc6 Re6 39.
Bb5 h5 40. Bb4 Ne3+ 41. Kf3 Nd5 42. Bd2 Nc7 43. Bc4 Rc6 44. a5 Kf8 45. Bb4+ Ke8
46. Bb3 Kd8 47. Ke4 Na6 48. Bf8 Nc5+ 49. Kd5 Nxb3 50. Kxc6 Nxa5+ 51. Kd6 Nb7+
52. Ke5 Kd7 53. Kf6 Nd6 54. Bh6 Nf5 55. Bf4 Nd6 56. Be5 Kc6 57. Ke7 Nf5+ 58.
Kxf7 Kd5 59. d4 g5 60. Kg6 Nxg3 1/2-1/2

[Event "Int. Stuttgarter Stadtmeisterschaft A"]
[Site "Ditzingen"]
[Date "2013.05.10"]
[Round "4.24"]
[White "Ivanov, Alexander"]
[Black "Pfeifer, Wilfried"]
[Result "0-1"]
[WhiteElo "1910"]
[BlackElo "2050"]
[PlyCount "100"]
[EventDate "2013.??.??"]
[WhiteTeam "SV Rottweil"]
[BlackTeam "TSF Ditzingen"]

1. e4 c6 2. Nf3 d5 3. Nc3 g6 4. exd5 cxd5 5. d4 Nc6 6. Bb5 a6 7. Ba4 e6 8. O-O
b5 9. Bb3 Bg7 10. Re1 Nge7 11. Bf4 O-O 12. Qd2 Qb6 13. Bd6 Rd8 14. Bc5 Qc7 15.
Ne2 a5 16. a4 b4 17. c3 bxc3 18. Nxc3 Ba6 19. Bd1 Nf5 20. Nb5 Qb7 21. g4 Bh6
22. Qc3 Nfe7 23. Be2 Bf8 24. Nd6 Qc7 25. Ng5 Rxd6 26. Bxd6 Qxd6 27. Qf3 Nd8 28.
Bd1 Nec6 29. Qe3 Bg7 30. Nf3 Nb4 31. Ne5 Rc8 32. Bb3 Nc2 33. Bxc2 Rxc2 34. Rac1
Rxb2 35. Qc3 Rb4 36. Ra1 f6 37. Nd3 Bxd3 38. Qxd3 Qb6 39. Rac1 Nc6 40. Rxe6
Qxd4 41. Qxd4 Nxd4 42. Re7 Rc4 43. Rb1 Nc6 44. Rc7 Bf8 45. Rbb7 Rxg4+ 46. Kf1
Ne7 47. Rb8 Kf7 48. Ra7 Rxa4 49. Raa8 Bg7 50. Rb7 f5 0-1

[Event "Int. Stuttgarter Stadtmeisterschaft A"]
[Site "Ditzingen"]
[Date "2013.05.10"]
[Round "4.25"]
[White "Keller, Harald"]
[Black "Ast, Bernhard"]
[Result "1-0"]
[WhiteElo "2049"]
[BlackElo "1962"]
[PlyCount "121"]
[EventDate "2013.??.??"]
[WhiteTeam "SV Rottweil"]
[BlackTeam "SC Iffezheim"]

1. e4 e6 2. Nf3 c5 3. b4 cxb4 4. d4 d5 5. e5 Bd7 6. a3 bxa3 7. Bd3 Qb6 8. c3 f5
9. Nxa3 Ne7 10. O-O a6 11. Qe2 Ng6 12. g3 Be7 13. h4 O-O 14. h5 Nh8 15. c4 Bc6
16. c5 Qd8 17. Kg2 Nd7 18. Rh1 Nf7 19. Nc2 Ng5 20. Nh4 Rf7 21. Ng6 Nf8 22. Nf4
Bxc5 23. dxc5 d4+ 24. Kg1 Nf3+ 25. Kf1 Nd2+ 26. Bxd2 Bxh1 27. f3 g5 28. hxg6
hxg6 29. Kg1 g5 30. Nh3 Bxf3 31. Qxf3 g4 32. Qg2 gxh3 33. Qxh3 Qd5 34. Qg2 Rd8
35. Qxd5 Rxd5 36. Bf4 Rxc5 37. Kf2 Rd7 38. Ra4 Kf7 39. Ne1 Rc6 40. Nf3 b5 41.
Ra1 Ng6 42. Bg5 Rd5 43. Bf6 Nf8 44. g4 Nh7 45. g5 b4 46. Bxa6 Rc2+ 47. Kg3 b3
48. Bd3 Ra2 49. Rb1 Ra3 50. Bc4 Rc5 51. Bxb3 Rc3 52. Bd1 Rc7 53. Kf4 Nf8 54.
Nh4 Rh3 55. Bh5+ Kg8 56. g6 d3 57. g7 Rc4+ 58. Kg5 Rg3+ 59. Kh6 Rxg7 60. Bxg7
Rxh4 61. Bf6 1-0

[Event "Int. Stuttgarter Stadtmeisterschaft A"]
[Site "Ditzingen"]
[Date "2013.05.10"]
[Round "4.26"]
[White "Zeller, Elisa"]
[Black "Severin, Andreas"]
[Result "1-0"]
[WhiteElo "1896"]
[BlackElo "2035"]
[PlyCount "121"]
[EventDate "2013.??.??"]
[WhiteTeam "SF Deizisau"]
[BlackTeam "SV Reutlingen"]

1. e4 e6 2. d4 d5 3. e5 c5 4. c3 Nc6 5. Nf3 Qb6 6. Bd3 cxd4 7. cxd4 Bd7 8. Bc2
Nb4 9. Nc3 Nxc2+ 10. Qxc2 Qa6 11. Qe2 Qxe2+ 12. Nxe2 Bb5 13. Nc3 Ba6 14. Bd2
Ne7 15. Rc1 Rc8 16. a3 h6 17. b4 Bc4 18. Be3 Nf5 19. Na4 b6 20. Nd2 Nxe3 21.
fxe3 Ba6 22. Rxc8+ Bxc8 23. O-O Bd7 24. Nc3 Be7 25. e4 dxe4 26. Ncxe4 O-O 27.
Rc1 f5 28. exf6 gxf6 29. Rc7 Rd8 30. Rxa7 f5 31. Ng3 Bf6 32. Nf3 Bc6 33. Ne2
Bd5 34. Rc7 Ra8 35. Rc3 Ra7 36. Ne5 Rg7 37. Nf4 Bxe5 38. dxe5 Be4 39. Rc8+ Kh7
40. Re8 Ra7 41. Rxe6 Rxa3 42. Rxb6 Kg7 43. Rg6+ Kh7 44. Rd6 Kg7 45. h4 Rb3 46.
Nh5+ Kf8 47. Rxh6 Rxb4 48. Rf6+ Ke7 49. Ng3 Rb1+ 50. Kh2 Rb4 51. h5 Rb2 52.
Nxf5+ Kd8 53. Nh4 Rb5 54. Nf3 Ke7 55. Rf4 Bxf3 56. Rxf3 Rxe5 57. g4 Re2+ 58.
Kg3 Re1 59. Kh4 Rh1+ 60. Kg5 Rb1 61. h6 1-0

[Event "Int. Stuttgarter Stadtmeisterschaft A"]
[Site "Ditzingen"]
[Date "2013.05.10"]
[Round "4.27"]
[White "Tran, Thanh Kien"]
[Black "Dimitriadis, Pavlos"]
[Result "1/2-1/2"]
[WhiteElo "1977"]
[BlackElo "1871"]
[PlyCount "52"]
[EventDate "2013.??.??"]
[WhiteTeam "VLK Lampertheim"]
[BlackTeam "SV Reutlingen"]

1. d4 Nc6 2. Nf3 d5 3. Bf4 Bg4 4. e3 e6 5. c4 Bb4+ 6. Nc3 Nf6 7. Qb3 Bxf3 8.
gxf3 Qe7 9. a3 Bxc3+ 10. bxc3 Rb8 11. Bg5 dxc4 12. Bxc4 O-O 13. Be2 e5 14. d5
Nd8 15. e4 Qd6 16. Qb4 b6 17. Qxd6 cxd6 18. Rg1 Kh8 19. Bb5 Nb7 20. Kd2 Na5 21.
Kd3 Ng8 22. Rg2 Nb3 23. Rag1 Nc5+ 24. Kc2 f5 25. Be3 f4 26. Bxc5 bxc5 1/2-1/2

[Event "Int. Stuttgarter Stadtmeisterschaft A"]
[Site "Ditzingen"]
[Date "2013.05.10"]
[Round "4.28"]
[White "Probst, Alexander"]
[Black "Hamm, Lukas"]
[Result "1-0"]
[WhiteElo "1972"]
[BlackElo "1890"]
[PlyCount "69"]
[EventDate "2013.??.??"]
[WhiteTeam "SC Blauer Turm Bad Wimpfen"]
[BlackTeam "SV Stuttgart-Wolfbusch 1956 e.V."]

1. e4 e5 2. Nf3 Nc6 3. Bb5 a6 4. Ba4 Nf6 5. O-O Be7 6. Re1 b5 7. Bb3 O-O 8. a4
Bb7 9. c3 d5 10. axb5 axb5 11. Rxa8 Bxa8 12. exd5 Nxd5 13. d4 exd4 14. Nxd4
Nxd4 15. Qxd4 c5 16. Qg4 c4 17. Bc2 Bc5 18. Bg5 Qb6 19. Bh4 Nf6 20. Qg3 Bd6 21.
Qh3 Bc5 22. Bxf6 Bxf2+ 23. Kf1 g6 24. Re2 Qxf6 25. Rxf2 Qg5 26. Nd2 Rd8 27. Qg3
Qh6 28. Qc7 Rf8 29. Qf4 Qh5 30. Kg1 Qc5 31. Ne4 Bxe4 32. Qxe4 b4 33. Qd4 Qb5
34. Be4 bxc3 35. bxc3 1-0

[Event "Int. Stuttgarter Stadtmeisterschaft A"]
[Site "Ditzingen"]
[Date "2013.05.10"]
[Round "4.29"]
[White "Koch, Martin"]
[Black "Capelja, Christian"]
[Result "1/2-1/2"]
[WhiteElo "1876"]
[BlackElo "1969"]
[PlyCount "93"]
[EventDate "2013.??.??"]
[WhiteTeam "SC Schachmatt Botnang"]
[BlackTeam "SpVgg Rommelshausen"]

1. e4 c6 2. d4 d5 3. exd5 cxd5 4. c4 Nf6 5. Nc3 e6 6. Nf3 Be7 7. Bd3 dxc4 8.
Bxc4 Nbd7 9. O-O Nb6 10. Bb3 O-O 11. Re1 Nbd5 12. Bg5 Nxc3 13. bxc3 Nd5 14.
Bxe7 Nxe7 15. Ne5 Nd5 16. Qf3 f6 17. Nd3 Rb8 18. Nc5 Nc7 19. Nxe6 Bxe6 20.
Bxe6+ Nxe6 21. Rxe6 Qa5 22. g3 Rfe8 23. Qe4 Rxe6 24. Qxe6+ Kh8 25. Re1 h6 26.
Qb3 Qc7 27. c4 Rd8 28. Rd1 b6 29. Qb5 Qe7 30. d5 Qe2 31. Qb3 Rc8 32. d6 Rd8 33.
a4 Qe5 34. d7 Qe7 35. Qd3 Kg8 36. Qd5+ Kf8 37. Rd3 Qe5 38. Qc6 Qc5 39. Qe4 Qe5
40. Qg6 Qa1+ 41. Kg2 Qxa4 42. Qg4 Qc6+ 43. Kg1 a5 44. h4 a4 45. h5 a3 46. Rxa3
Qxd7 47. Qxd7 1/2-1/2

[Event "Int. Stuttgarter Stadtmeisterschaft A"]
[Site "Ditzingen"]
[Date "2013.05.10"]
[Round "4.30"]
[White "Steinhart, Christoph"]
[Black "Montigel, Philipp"]
[Result "1/2-1/2"]
[WhiteElo "1961"]
[BlackElo "2144"]
[PlyCount "87"]
[EventDate "2013.??.??"]
[WhiteTeam "TSV Schönaich"]
[BlackTeam "SV Stuttgart-Wolfbusch 1956 e.V."]

1. e4 e5 2. Nf3 Nc6 3. d4 exd4 4. Nxd4 Nf6 5. Nc3 Bb4 6. Nxc6 bxc6 7. Bd3 O-O
8. O-O d5 9. exd5 cxd5 10. Bg5 c6 11. Qf3 Be7 12. Rae1 Be6 13. Nd1 Nd7 14. Bxe7
Qxe7 15. Ne3 Qf6 16. Qxf6 Nxf6 17. b4 a5 18. a3 Rfb8 19. Rb1 axb4 20. Rxb4 c5
21. Rxb8+ Rxb8 22. a4 c4 23. Bf5 Kf8 24. a5 Ra8 25. Ra1 Ke7 26. c3 Kd6 27. Bxe6
fxe6 28. f4 Ne4 29. Ra3 Nd2 30. Ra2 Nb3 31. a6 Ra7 32. Nc2 Nc1 33. Ra3 Ne2+ 34.
Kf2 Nxf4 35. Nd4 Kc5 36. g3 e5 37. Nc2 Nd3+ 38. Kf3 d4 39. cxd4+ exd4 40. Ra5+
Kb6 41. Rd5 Kxa6 42. Nxd4 Rc7 43. Nc2 Nc5 44. Ke3 1/2-1/2

[Event "Int. Stuttgarter Stadtmeisterschaft A"]
[Site "Ditzingen"]
[Date "2013.05.10"]
[Round "4.31"]
[White "Schulte, Torsten"]
[Black "Walliser, Holger"]
[Result "1-0"]
[WhiteElo "2125"]
[BlackElo "1942"]
[PlyCount "53"]
[EventDate "2013.??.??"]
[WhiteTeam "SC Eppingen"]
[BlackTeam "SK Sontheim/Brenz e.V."]

1. d4 d5 2. c4 e5 3. dxe5 d4 4. Nf3 Nc6 5. Nbd2 Be6 6. a3 Nge7 7. b4 Ng6 8. Bb2
Ncxe5 9. Nxd4 Bxc4 10. Nxc4 Nxc4 11. Bc3 Qd7 12. e3 Nd6 13. Be2 Be7 14. Bg4 Qd8
15. Nf5 Nxf5 16. Bxf5 O-O 17. O-O Qxd1 18. Rfxd1 Rfd8 19. Be4 c6 20. Kf1 Rxd1+
21. Rxd1 Rd8 22. Rxd8+ Bxd8 23. Ke2 Be7 24. Kd3 a5 25. bxa5 Bxa3 26. Bxc6 Bb4
27. Bxb7 1-0

[Event "Int. Stuttgarter Stadtmeisterschaft A"]
[Site "Ditzingen"]
[Date "2013.05.10"]
[Round "4.32"]
[White "Turski, Tomasz"]
[Black "Novak, Josua"]
[Result "1/2-1/2"]
[WhiteElo "2042"]
[BlackElo "1922"]
[PlyCount "31"]
[EventDate "2013.??.??"]
[WhiteTeam "SC Ingersheim e.V."]
[BlackTeam "TSV Münchingen"]

1. d4 Nf6 2. c4 c5 3. Nf3 cxd4 4. Nxd4 e5 5. Nf3 Nc6 6. e3 d5 7. a3 Bg4 8. cxd5
Qxd5 9. Qxd5 Nxd5 10. Bb5 f6 11. Bxc6+ bxc6 12. Nbd2 Rb8 13. h3 Be6 14. Ne4 c5
15. O-O Be7 16. Ned2 1/2-1/2

[Event "Int. Stuttgarter Stadtmeisterschaft A"]
[Site "Ditzingen"]
[Date "2013.05.10"]
[Round "4.33"]
[White "Kaplunov, Vadym"]
[Black "Bissbort, Julian"]
[Result "0-1"]
[WhiteElo "1953"]
[BlackElo "2034"]
[PlyCount "120"]
[EventDate "2013.??.??"]
[WhiteTeam "Stuttgarter SF 1879"]
[BlackTeam "Heilbronner SV"]

1. d4 Nf6 2. c4 e5 3. dxe5 Ne4 4. Nf3 Nc6 5. a3 d6 6. Qd5 Nc5 7. Qd1 Bf5 8. b4
Ne4 9. Bb2 dxe5 10. Qxd8+ Rxd8 11. e3 Nxb4 12. axb4 Bxb4+ 13. Ke2 Nc5 14. Bc3
a5 15. Bxb4 axb4 16. Nbd2 O-O 17. h3 Ra8 18. Rxa8 Rxa8 19. e4 Nxe4 20. Nxe4
Bxe4 21. Nd2 Bc2 22. g3 b3 23. Bg2 b2 24. Bxb7 Rb8 25. Bd5 b1=Q 26. Nxb1 Rxb1
27. Rh2 Kf8 28. Kd2 Bf5 29. g4 Bd7 30. Kc2 Rf1 31. f3 Ke7 32. h4 g6 33. c5 c6
34. Be4 f5 35. Bd3 Rxf3 36. g5 e4 37. Bc4 Be6 38. Be2 Ra3 39. h5 Ra5 40. hxg6
Rxc5+ 41. Kd2 hxg6 42. Rh7+ Bf7 43. Ke3 Kf8 44. Rh1 Ra5 45. Rb1 Ra7 46. Rb8+
Ke7 47. Rh8 Kd6 48. Kf4 Bd5 49. Rh6 Rg7 50. Bh5 Bf7 51. Bd1 Kc5 52. Rh8 Kd4 53.
Rd8+ Bd5 54. Ba4 Kc5 55. Bd1 Rh7 56. Ke5 Re7+ 57. Kf6 Re6+ 58. Kg7 e3 59. Rd7
f4 60. Rf7 f3 0-1

[Event "Int. Stuttgarter Stadtmeisterschaft A"]
[Site "Ditzingen"]
[Date "2013.05.10"]
[Round "4.34"]
[White "Bergner, Philipp"]
[Black "Jurasin, Marin"]
[Result "0-1"]
[WhiteElo "1946"]
[BlackElo "2034"]
[PlyCount "58"]
[EventDate "2013.??.??"]
[WhiteTeam "Mönchfelder SV 1967"]
[BlackTeam "SG Schönbuch"]

1. d4 Nf6 2. Nf3 g6 3. Nc3 d5 4. Bf4 Bg7 5. e3 Nh5 6. Bg5 h6 7. Bh4 g5 8. Ne5
Nf6 9. Bg3 h5 10. h4 g4 11. Bd3 c6 12. Qd2 Nfd7 13. f4 e6 14. e4 Qb6 15. O-O-O
Qxd4 16. exd5 Nxe5 17. Qe2 Nxd3+ 18. Rxd3 Qf6 19. dxe6 fxe6 20. f5 O-O 21. Rf1
Nd7 22. Rd6 Nb6 23. Bf4 Qxf5 24. Ne4 Nd5 25. g3 e5 26. c4 exf4 27. cxd5 f3 28.
Qc4 cxd5 29. Rxd5 Be6 0-1

[Event "Int. Stuttgarter Stadtmeisterschaft A"]
[Site "Ditzingen"]
[Date "2013.05.10"]
[Round "4.35"]
[White "Gentner, Markus"]
[Black "Felser, Martin"]
[Result "0-1"]
[WhiteElo "2028"]
[BlackElo "1880"]
[PlyCount "134"]
[EventDate "2013.??.??"]
[WhiteTeam "SC Murrhardt 1948 e.V."]
[BlackTeam "SK Marktoberdorf"]

1. Nf3 d5 2. d4 Nf6 3. e3 e6 4. Bd3 Nbd7 5. Nbd2 c5 6. c3 Bd6 7. O-O O-O 8. Re1
b6 9. e4 dxe4 10. Nxe4 Nxe4 11. Bxe4 Rb8 12. Ng5 Nf6 13. Bc2 h6 14. Ne4 cxd4
15. Qd3 Nxe4 16. Rxe4 Bxh2+ 17. Kxh2 f5 18. Rxd4 Qf6 19. Qg3 e5 20. Rd1 Be6 21.
b3 e4 22. f4 Rfd8 23. Ba3 Rbc8 24. c4 Bf7 25. Bb4 Bh5 26. Bc3 Qe7 27. Rxd8+
Rxd8 28. Qe1 Bg4 29. g3 Qf7 30. Kg1 Qh5 31. Qf2 Bd1 32. Bxd1 Rxd1+ 33. Rxd1
Qxd1+ 34. Kg2 Qd3 35. Bd2 Kf7 36. Qe3 Qc2 37. a4 Qd1 38. Bc3 h5 39. Qd4 Qf3+
40. Kh2 Qe2+ 41. Kg1 Qg4 42. Qe3 h4 43. Kh2 hxg3+ 44. Qxg3 Qe2+ 45. Kg1 Qd1+
46. Be1 Qd4+ 47. Bf2 Qd1+ 48. Kg2 g6 49. c5 Qd5 50. Qe3 bxc5 51. Qxc5 Qxb3 52.
Qxa7+ Kg8 53. Be3 Qc2+ 54. Bf2 Qb3 55. Qe3 Qxa4 56. Qd4 Qb3 57. Qd8+ Kf7 58.
Qd7+ Kg8 59. Qe8+ Kh7 60. Qe7+ Kg8 61. Qd8+ Kh7 62. Qd1 Qxd1 63. Bg1 Qf3+ 64.
Kh2 Qxf4+ 65. Kg2 g5 66. Bh2 Qf3+ 67. Kg1 e3 0-1